| 000 | 00628nam a2200181 4500 | ||
|---|---|---|---|
| 001 | 148586 | ||
| 003 | ES-MaACL | ||
| 005 | 20240524063001.0 | ||
| 007 | t| | ||
| 008 | 070214s1972 sp r ||||1| spa d | ||
| 100 | 0 |
_aStendhal, _d1783-1842 _9108086 |
|
| 245 | 1 | 4 |
_aUna interpretación sensual del arte _b: (el clima geográfico e histórico en las artes) / _cStendhal ; selección, traducción y prólogo de Consuelo Berges. |
| 260 |
_aBarcelona : _bTusquets, _c1972. |
||
| 300 |
_a137 p. ; _c18 cm. |
||
| 700 | 1 |
_aBerges, Consuelo. _927982 |
|
| 852 |
_aES-MaACL _jC-51382 _bR.84966 |
||
| 999 |
_c148586 _d148586 |
||